000 00617cam a2200217 4500500
005 20260405003623.0
041 _afre
042 _adc
100 1 0 _aPernes, Caroline
_eauthor
245 0 0 _aHistoire d’une couleur. Blanc
260 _c2022.
500 _a36
690 _aBlanc
690 _acouleur
690 _aMichel Pastoureau
690 _aMoyen Âge
690 _aPureté
690 _aRegard
786 0 _nPhilosophie magazine | 165 | 12 | 2022-12-01 | p. 56-56 | 1951-1787
856 4 1 _uhttps://shs.cairn.info/magazine-philosophie-magazine-2022-12-page-56?lang=fr&redirect-ssocas=7080
999 _c2069344
_d2069344